000 00369pab a2200133 454500
008 180718b xxu||||| |||| 00| 0 eng d
100 _aKremer Michael
245 _aThe O-ring theory of economic development
362 _a108(3) Aug 93, p.551-75
650 _a O-Ring Theory
650 _aEconomic Development
773 _aQuarterly Journal of Economics
909 _a24772
999 _c24772
_d24772